| 000 | 01163cam a2200337 i 4500 | ||
|---|---|---|---|
| 001 | 19543802 | ||
| 003 | OSt | ||
| 005 | 20220408105630.0 | ||
| 008 | 170308s2017 caua b 001 0 eng d | ||
| 010 | _a 2017936193 | ||
| 020 | _a9781484223901 | ||
| 035 | _a(OCoLC)ocn962016792 | ||
| 040 |
_aYDX _beng _cYDX _erda _dOCLCQ _dBTCTA _dCDX _dBDX _dOCLCF _dDLC |
||
| 042 | _alccopycat | ||
| 050 | 0 | 0 |
_aHD45 _b.M668 2017 |
| 082 | 0 | 4 |
_a658.4063 _21 _bMORM |
| 100 | 1 |
_aMoreira, Mario E., _928487 |
|
| 245 | 1 | 4 |
_aAgile enterprise : _bbuilding and running agile organizations / _cBy Mario E. Moreira. |
| 264 | 1 |
_aUSA : _bApress, _c2017 |
|
| 300 |
_axiii, 280p. ; _c23.5 cm. |
||
| 336 |
_atext _btxt _2rdacontent |
||
| 337 |
_aunmediated _bn _2rdamedia |
||
| 338 |
_avolume _2rdacarrier |
||
| 504 | _aIncludes bibliographical references and index. | ||
| 650 | 0 |
_xDecomposing ideas with story mapping _928488 |
|
| 650 | 7 |
_aConnecting the idea pipeline to backlogs _2fast _928489 |
|
| 906 |
_a7 _bcbc _ccopycat _d2 _encip _f20 _gy-gencatlg |
||
| 942 |
_2ddc _cBK _e1st _k658.4063 MORM |
||
| 999 |
_c222280 _d222280 |
||